000
00309nam a22001337a 4500
008
180918b xxu||||| |||| 00| 0 eng d
020
_a
0716719568
041
_a
eng
080
_a
616.073
100
_a
6
101
_a
GEN
245
_a
An Introduction To Genetics Analysis
_c
Suzuki.g
942
_2
udc
_c
BK
999
_c
47955
_d
47955